Vista normal Vista MARC

Entrada Topical Term

Número de registros utilizados en: 1

001 - CONTROL NUMBER

  • control field: 36814

003 - CONTROL NUMBER IDENTIFIER

  • control field: OSt

005 - DATE AND TIME OF LATEST TRANSACTION

  • control field: 20210414115911.0

008 - FIXED-LENGTH DATA ELEMENTS

  • fixed length control field: 210414|| aca||aabn | a|a d

040 ## - CATALOGING SOURCE

  • Original cataloging agency: OSt
  • Transcribing agency: OSt

150 ## - HEADING--TOPICAL TERM

  • Topical term or geographic name entry element: Diario de álbumes de recortes

670 ## - SOURCE DATA FOUND

  • Source citation: Work cat.: (OSt): Banker, Susan M., autora 36810, Haciendo un álbum de recuerdos con Lizzie McGuire / , 2005